Web 2.0 Heroes: Interviews with 20 Web 2.0 Influencers /
Web 2.0 may be an elusive concept, but one thing is certain: using the Web as merely a means of retrieving and displaying information is history. Today?s Web is immediate, interactive, innovative. It is user-controlled and community-driven. Organizations, marketers, application developers, and commu...
Saved in:
| Main Author: | |
|---|---|
| Format: | Book |
| Language: | Vietnamese |
| Published: |
American :
Wiley ,
2008
|
| Subjects: | |
| Tags: |
Add Tag
No Tags, Be the first to tag this record!
|
| Institutions: | Thư viện Trường CĐ Kỹ Thuật Cao Thắng |
|---|
| LEADER | 01177nam a2200205 a 4500 | ||
|---|---|---|---|
| 001 | TVCDKTCT12759 | ||
| 003 | Thư viện trường Cao đẳng Kỹ thuật Cao Thắng | ||
| 005 | 20110317000000 | ||
| 008 | 110317 | ||
| 980 | \ | \ | |a Thư viện Trường CĐ Kỹ Thuật Cao Thắng |
| 024 | |a RG_1 #1 eb0 i1 | ||
| 020 | # | # | |a 0470241993 |
| 041 | 0 | # | |a vie |
| 082 | # | # | |a 005 / |b W200B-b |
| 100 | 1 | # | |a Jones Braley L |
| 245 | 0 | 0 | |a Web 2.0 Heroes: Interviews with 20 Web 2.0 Influencers / |c Jones Braley L |
| 260 | # | # | |a American : |b Wiley , |c 2008 |
| 300 | # | # | |a 273tr. |
| 520 | # | # | |a Web 2.0 may be an elusive concept, but one thing is certain: using the Web as merely a means of retrieving and displaying information is history. Today?s Web is immediate, interactive, innovative. It is user-controlled and community-driven. Organizations, marketers, application developers, and communicators must be ready to respond and to innovate or be left behind, and the experts featured on these pages are leading the charge. Their ideas are fresh, sometimes experimental, necessarily flexible, and always on the leading edge to prepare you for a Web where users rule. |
| 650 | # | 4 | |a Web 2.0 Heroes |


